KOHA-Header-6

Introductory Electronic Devices and Circuits (Record no. 12175)

000 -LEADER
fixed length control field 00356nam a22001457a 4500
020 ## - INTERNATIONAL STANDARD BOOK NUMBER
ISBN 978-0131716391
082 ## - DEWEY DECIMAL CLASSIFICATION NUMBER
Classification number 621.38
100 ## - MAIN ENTRY--AUTHOR NAME
Personal name Robert T.Paynter
245 ## - TITLE STATEMENT
Title Introductory Electronic Devices and Circuits
250 ## - EDITION STATEMENT
Edition statement 7th Edition
260 ## - PUBLICATION, DISTRIBUTION, ETC. (IMPRINT)
Place of publication New Delhi
Name of publisher Pearson
Year of publication 2009
300 ## - PHYSICAL DESCRIPTION
Number of Pages 988
650 ## - SUBJECT ADDED ENTRY--TOPICAL TERM
Topical Term Electrical Engineering
942 ## - ADDED ENTRY ELEMENTS (KOHA)
Koha item type Books
Holdings
Withdrawn status Lost status Collection code Permanent Location Current Location Shelving location Date acquired Full call number Accession Number Koha item type
    CSE MAJU MAJU Shelf No.A31 2020-01-07 621.38 9463 Computer System Engineering

Powered by Koha